How to think 50 puzzles for creative thinking / (Record no. 55733)

MARC details
000 -LEADER
fixed length control field 00784nam a22002177a 4500
005 - DATE AND TIME OF LATEST TRANSACTION
control field 20110816122752.0
008 - FIXED-LENGTH DATA ELEMENTS--GENERAL INFORMATION
fixed length control field 110816t xxu||||| |||| 00| 0 eng d
010 ## - LCCN (DPL NO)
LC control number ENG-103511
020 ## - INTERNATIONAL STANDARD BOOK NUMBER
International Standard Book Number 9788179662762
Terms of availability 60.00
035 ## - SYSTEM CONTROL NUMBER
System control number EN-87044
037 ## - SOURCE OF ACQUISITION
Source of stock number/acquisition DBAD/PUB
040 ## - CATALOGING SOURCE
Original cataloging agency DPL
Language of cataloging Eng
082 ## - DEWEY DECIMAL CLASSIFICATION NUMBER
Classification number 793.73
100 ## - MAIN ENTRY--PERSONAL NAME
9 (RLIN) 32849
Personal name Phillips,Charles
245 ## - TITLE STATEMENT
Title How to think 50 puzzles for creative thinking /
Statement of responsibility, etc by Charles Phillips
260 ## - PUBLICATION, DISTRIBUTION, ETC. (IMPRINT)
Place of publication, distribution, etc Chennai
Name of publisher, distributor, etc Emerald Publishers
Date of publication, distribution, etc 2010
270 ## - ADDRESS
Address 15A,First Floor,Casa Major Road Egmore,
City Chennai
Postal code 60008
300 ## - PHYSICAL DESCRIPTION
Extent 88p.
Dimensions 18cm (pbk)
942 ## - ADDED ENTRY ELEMENTS (KOHA)
Source of classification or shelving scheme Dewey Decimal Classification
Item type English Books
Call number suffix PHI
Classification part 793.73
Holdings
Withdrawn status Lost status Source of classification or shelving scheme Damaged status Not for loan Collection code Home library Current library Date acquired Source of acquisition Cost, normal purchase price Total Checkouts Full call number Barcode Date last seen Copy number Cost, replacement price Koha item type
    Dewey Decimal Classification   Not For Loan Non-fiction D.B.Act.Division D.B.Act.Division 19/08/2011 DBAD / PUB 60.00   793.73PHI EN-87044 19/08/2011 1 60.00 English Books

© Delhi Public Library
Hit Counter
free hit counter